000 00932nas a2200301 4500
001 BR0601215
003 BR-BrBNA
005 20231205105904.0
007 ta
008 230509b bl.|||p| |||| 00| 00por d
040 _aBR-BrBNA
_bpor
_cBiblioteca Nacional de Agricultura
041 _a(Pt)
072 _aF06
100 1 _aBatista, R.O.
100 1 _aLo Monaco, P.A.
100 1 _aMatos, A.T. de
100 1 _aCunha, F.F. da
245 1 _aAlteração na vazão de gotejadores tipo fita utilizados na aplicação de água residuária da despolpa de frutos do cafeeiro
650 _aCAFÉ
650 _aIRRIGAÇÃO POR GOTEJAMENTO
650 _aÁGUAS RESIDUAIS
650 _aVAZÃO
650 _aFILTRO
650 _aMINAS GERAIS
773 0 _tEngenharia na Agricultura (Brazil)
_xISSN 1414-3984
_g(Apr-Jun 2005), v. 13(2) p. 69-73
_wBR0601215
909 _a202311
_bLúcia
_c55
_dLúcia Elande
942 _2AGRIS
_n0
_cANA
999 _c185204
_d185204